[Event "Vladivostok"]
[Site "Vladivostok"]
[Date "1994.??.??"]
[Round "4"]
[White "Kharlov, Andrei"]
[Black "Filippov, Valerij"]
[Result "1/2-1/2"]
[WhiteElo "2530"]
[BlackElo "2405"]
[PlyCount "117"]
[EventDate "1994.??.??"]
[EventType "swiss"]
[EventRounds "9"]
[EventCountry "RUS"]
[SourceTitle "CBM 043 ext"]
[Source "ChessBase"]
[SourceDate "1995.01.01"]
[SourceVersion "1"]
[SourceVersionDate "1995.01.01"]
[SourceQuality "1"]

1. e4 c5 2. d3 Nc6 3. c3 Nf6 4. f4 d6 5. Nf3 Bg4 6. h3 Bxf3 7. Qxf3 e5 8. Be2
d5 9. O-O c4 10. exd5 cxd3 11. Bxd3 Qxd5 12. Qxd5 Nxd5 13. fxe5 Bc5+ 14. Kh1
Nxe5 15. Re1 f6 16. Nd2 O-O-O 17. Bf5+ Kb8 18. Nb3 Bb6 19. Re2 Nc4 20. Nd4 Rhe8
21. Rxe8 Rxe8 22. Nf3 g6 23. Bd3 Nce3 24. Bxe3 Nxe3 25. Re1 f5 26. Re2 Rd8 27.
Rd2 Kc7 28. Be2 Re8 29. Nd4 a6 30. Kg1 f4 31. Kf2 g5 32. Bd3 h6 33. Kf3 Bxd4
34. cxd4 Kd6 35. a3 Re7 36. h4 Rf7 37. hxg5 hxg5 38. Bb1 g4+ 39. Ke4 Nd5 40.
Ba2 Re7+ 41. Kf5 f3 42. gxf3 gxf3 43. Rf2 Re2 44. Rxf3 Rxb2 45. Bb3 Re2 46. Rg3
Ne7+ 47. Kf4 b5 48. Kf3 Re1 49. Kf4 Ra1 50. Bf7 Rf1+ 51. Rf3 Re1 52. Re3 Nd5+
53. Bxd5 Rxe3 54. Kxe3 Kxd5 55. Kd3 a5 56. Kc3 Ke4 57. d5 Ke5 58. d6 Kxd6 59.
Kd2 1/2-1/2

[Event "Vladivostok"]
[Site "Vladivostok"]
[Date "1994.??.??"]
[Round "5"]
[White "Yakovich, Yuri"]
[Black "Kharlov, Andrei"]
[Result "1-0"]
[WhiteElo "2515"]
[BlackElo "2535"]
[PlyCount "145"]
[EventDate "1994.??.??"]
[EventType "swiss"]
[EventRounds "9"]
[EventCountry "RUS"]
[SourceTitle "CBM 043 ext"]
[Source "ChessBase"]
[SourceDate "1995.01.01"]
[SourceVersion "1"]
[SourceVersionDate "1995.01.01"]
[SourceQuality "1"]

1. d4 Nf6 2. c4 d6 3. Nc3 e5 4. Nf3 e4 5. Ng5 Bf5 6. g4 Bxg4 7. Bg2 Nc6 8.
Ngxe4 Nxe4 9. Bxe4 Qd7 10. Qb3 Rb8 11. Be3 Ne7 12. d5 b6 13. Rg1 g6 14. Bd4 Rg8
15. Bd3 f5 16. Rxg4 fxg4 17. Ne4 Kd8 18. Nf6 Qc8 19. Nxg8 Nxg8 20. O-O-O Qd7
21. Qa3 a5 22. Bc2 Bg7 23. Ba4 Qe7 24. Qc3 Bxd4 25. Qxd4 Qg5+ 26. Kb1 Nf6 27.
f4 gxf3 28. exf3 Ke7 29. f4 Qh4 30. Qe3+ Kf8 31. a3 Ng8 32. Re1 Kg7 33. Qg3
Qxg3 34. hxg3 Rf8 35. Kc2 Nf6 36. Kd3 Rf7 37. Re3 g5 38. Bd1 gxf4 39. gxf4 Nd7
40. Rg3+ Kf8 41. Bg4 Nc5+ 42. Ke3 Re7+ 43. Kf3 Nd3 44. b3 Nc5 45. b4 Nb3 46.
Be6 Nd4+ 47. Ke4 Nxe6 48. dxe6 Rxe6+ 49. Kd5 Re7 50. Rh3 axb4 51. axb4 Kg7 52.
f5 Kf6 53. Rh5 Rd7 54. b5 Re7 55. Kd4 Kg7 56. Kd3 Re8 57. Kd4 h6 58. Rh4 Re5
59. Rg4+ Kh7 60. f6 Rg5 61. Rxg5 hxg5 62. Kd5 g4 63. Ke6 g3 64. f7 g2 65. f8=Q
g1=Q 66. Qf7+ Kh8 67. Qxc7 Qd4 68. Kd7 Kg8 69. Qc6 Kg7 70. Kc7 Qf4 71. Kxb6 Kf7
72. Qc7+ Ke6 73. c5 1-0

[Event "Vladivostok"]
[Site "Vladivostok"]
[Date "1994.??.??"]
[Round "6"]
[White "Kharlov, Andrei"]
[Black "Chekhov, Valery"]
[Result "1/2-1/2"]
[WhiteElo "2535"]
[BlackElo "2490"]
[PlyCount "103"]
[EventDate "1994.??.??"]
[EventType "swiss"]
[EventRounds "9"]
[EventCountry "RUS"]
[SourceTitle "CBM 043 ext"]
[Source "ChessBase"]
[SourceDate "1995.01.01"]
[SourceVersion "1"]
[SourceVersionDate "1995.01.01"]
[SourceQuality "1"]

1. d4 c5 2. e3 Nf6 3. Nf3 g6 4. dxc5 Qa5+ 5. Nbd2 Bg7 6. a3 Qxc5 7. b4 Qc7 8.
Bb2 O-O 9. c4 b6 10. Be2 Bb7 11. O-O d6 12. Nd4 Nbd7 13. Bf3 Rac8 14. Rc1 Ne5
15. Bxb7 Qxb7 16. Qe2 a6 17. N2b3 Nfd7 18. f4 Nc6 19. Nf3 Bxb2 20. Qxb2 Nf6 21.
h3 Rc7 22. Qe2 Nb8 23. Nfd2 Ne4 24. Nxe4 Qxe4 25. Nd2 Qe6 26. e4 Nd7 27. Rce1
Rfc8 28. e5 d5 29. cxd5 Qxd5 30. e6 Qxe6 31. Qxe6 fxe6 32. Rxe6 Nf6 33. f5 Rd8
34. Ne4 Nxe4 35. Rxe4 Rd6 36. fxg6 hxg6 37. Ref4 e6 38. h4 Kg7 39. R1f3 e5 40.
Re4 Rc1+ 41. Kh2 Rd4 42. Rxe5 Rxh4+ 43. Kg3 Rhc4 44. Re7+ Kh6 45. Ra7 a5 46.
bxa5 bxa5 47. Rxa5 R1c3 48. Rb5 Rxf3+ 49. gxf3 Ra4 50. Rb3 g5 51. Kf2 Kg6 52.
Kg3 1/2-1/2

[Event "Vladivostok"]
[Site "Vladivostok"]
[Date "1994.??.??"]
[Round "7"]
[White "Pushkov, Nikolai"]
[Black "Kharlov, Andrei"]
[Result "0-1"]
[WhiteElo "2485"]
[BlackElo "2530"]
[PlyCount "90"]
[EventDate "1994.??.??"]
[EventType "swiss"]
[EventRounds "9"]
[EventCountry "RUS"]
[SourceTitle "CBM 043 ext"]
[Source "ChessBase"]
[SourceDate "1995.01.01"]
[SourceVersion "1"]
[SourceVersionDate "1995.01.01"]
[SourceQuality "1"]

1. d4 Nf6 2. c4 e6 3. Nf3 d5 4. Nc3 dxc4 5. e3 a6 6. Bxc4 c5 7. O-O b5 8. Bd3
Bb7 9. Qe2 cxd4 10. exd4 Be7 11. Bg5 O-O 12. a4 bxa4 13. Rxa4 a5 14. Ne5 Na6
15. Bb5 Nb4 16. Rd1 Nfd5 17. Be3 Bd6 18. Nxd5 Bxd5 19. Rc1 Ra7 20. Raa1 Qa8 21.
f3 Rc8 22. Nd7 Rd8 23. Nc5 Qb8 24. h3 h6 25. Rc3 e5 26. Na6 Nxa6 27. Bxa6 Bb4
28. dxe5 Bxc3 29. bxc3 Ra8 30. Bd4 Qc7 31. Qb5 Qc6 32. Qxc6 Bxc6 33. Bc4 a4 34.
Ra3 Bd7 35. Kf2 Rdb8 36. Ke3 Be6 37. Bd3 Rb3 38. Ra1 a3 39. Bc2 Rb2 40. Be4 Ra4
41. f4 a2 42. f5 Bc4 43. Bc5 Re2+ 44. Kd4 Bb3+ 45. Bb4 Rd2+ 0-1

[Event "Vladivostok"]
[Site "Vladivostok"]
[Date "1994.??.??"]
[Round "8"]
[White "Kharlov, Andrei"]
[Black "Kiselev, Sergey"]
[Result "1-0"]
[WhiteElo "2530"]
[BlackElo "2460"]
[Annotator "Chekhov"]
[PlyCount "75"]
[EventDate "1994.??.??"]
[EventType "swiss"]
[EventRounds "9"]
[EventCountry "RUS"]
[SourceTitle "CBM 043 ext"]
[Source "ChessBase"]
[SourceDate "1995.01.01"]
[SourceVersion "1"]
[SourceVersionDate "1995.01.01"]
[SourceQuality "1"]

1. d4 Nf6 2. c4 e6 3. Nc3 Bb4 4. Qc2 O-O 5. a3 Bxc3+ 6. Qxc3 b6 7. Bg5 Bb7 8.
Nf3 h6 (8... d6 9. e3 Nbd7 10. Nd2 e5 11. d5 Rc8 12. Qd3 $1 h6 13. Bh4 b5 14.
cxb5 Nc5 15. Qf5 Bxd5 {Lev,R-Greenfeld,A/ISR/1993/0:1/34/} 16. Bxf6 Qxf6 17.
Qxf6 gxf6 $14) 9. Bh4 d6 10. Nd2 Nbd7 (10... c5 11. dxc5 bxc5 12. e3 Nbd7 13.
Rg1 e5 14. Bd3 Re8 15. Bf5 Nf8 16. Qc2 g6 $132 {Dao Thien Hai-Ulibin,M/Las
Palmas/1993/0,5/28/}) 11. e3 Rc8 (11... c5 $5) 12. b4 c5 13. dxc5 dxc5 (13...
bxc5 14. b5 $16) 14. b5 Re8 15. a4 a5 16. f3 e5 17. O-O-O Qe7 (17... Ne4 $2 18.
Nxe4 Qxh4 19. Nd6) 18. Be2 Nf8 19. g4 Rcd8 20. Bg3 Qe6 21. h3 $14 Ng6 22. Rhg1
(22. Nb3 $5) 22... Rd7 23. Nb3 Red8 24. Rxd7 Rxd7 25. Rd1 Rxd1+ 26. Bxd1 h5 27.
Nd2 hxg4 (27... e4 28. fxe4 hxg4 29. e5 Ne4 30. Nxe4 Bxe4 31. Bxg4) 28. hxg4 e4
29. g5 Ne8 (29... Nh5 30. Bc7 exf3 31. Nxf3) 30. fxe4 Nd6 31. Bg4 Qe7 $6 (31...
Qxg4 $5 32. Bxd6 Bxe4 (32... Nh4 $5 33. Bc7 Nf3 34. Bxb6 Nxd2 35. Qxd2 Qg1+ 36.
Kb2 Bxe4) 33. Bc7 Bf5 34. Bxb6 Nh4 35. Bxc5 Nf3 36. e4 $1) 32. e5 Ne4 33. Nxe4
Bxe4 34. Bf4 Nf8 (34... Qd8 35. e6) 35. Qd2 $18 Qb7 36. Qd8 Bf3 37. Bf5 (37. e6
$1 $18) 37... Bh5 38. e6 1-0

[Event "Vladivostok"]
[Site "Vladivostok"]
[Date "1994.??.??"]
[Round "9"]
[White "Kharlov, Andrei"]
[Black "Graf, Alexander"]
[Result "1-0"]
[WhiteElo "2530"]
[BlackElo "2575"]
[Annotator "Chekhov"]
[PlyCount "75"]
[EventDate "1994.??.??"]
[EventType "swiss"]
[EventRounds "9"]
[EventCountry "RUS"]
[SourceTitle "CBM 043 ext"]
[Source "ChessBase"]
[SourceDate "1995.01.01"]
[SourceVersion "1"]
[SourceVersionDate "1995.01.01"]
[SourceQuality "1"]

1. d4 d5 2. c4 dxc4 3. Nf3 Nf6 4. e3 e6 5. Bxc4 c5 6. O-O a6 7. Bd3 Nbd7 (7...
Nc6 8. Nc3 cxd4 9. exd4 Be7 10. Bg5 O-O 11. Rc1 Nd5 $5 12. Nxd5 Bxg5 13. Nxg5
Qxg5 14. Nb6 Rb8 15. Qc2 g6 16. Qc5 Qd8 {Cvitan,O-Kharlov,A/Biel/1992/1:0/42/})
8. Qe2 b6 $5 $146 (8... b5 9. a4 $1 $14) (8... Qc7 9. Nbd2 b6 10. Re1 Bb7 11.
Nf1 Be7 12. Bd2 Ne4 $1 $132 {Salov,V-Kamsky,G/Dortmund/1992/0,5/63/ Inf 54/386/
}) 9. Rd1 Bb7 10. Nbd2 Qb8 (10... Qc7 $5) 11. Nc4 b5 (11... cxd4 $5 12. exd4 (
12. Nxd4 e5) 12... Be7 $13) 12. Na5 Bxf3 $6 (12... c4 $5 13. Bc2 Be4) 13. Qxf3
Bd6 14. a4 $1 c4 (14... Bxh2+ 15. Kh1 Bc7 16. axb5 axb5 17. Nc6 Qb7 18. Rxa8+
Qxa8 19. Bxb5) 15. Nc6 Qc8 16. Bc2 b4 (16... Nd5 17. e4 $1 $36) 17. b3 $1 a5 (
17... c3 18. Na5 $16) 18. bxc4 Ra6 19. d5 Ne5 20. Nxe5 Bxe5 21. Rb1 exd5 22.
Bf5 Qc6 (22... Qxc4 23. Bd3 Qa2 24. Rb2 $18) 23. cxd5 Qxa4 24. Qe2 $1 Rb6 25.
f4 Bc3 26. e4 Qb5 27. Qf3 g6 28. Bh3 a4 29. e5 Nd7 30. Rd3 $18 Qa6 (30... a3
31. Bxa3) 31. Bxd7+ Kxd7 32. e6+ fxe6 33. dxe6+ Kc8 (33... Kxe6 34. Qd5+ Ke7
35. Qc5+ Kf7 36. Rxc3 bxc3) 34. Rxc3+ bxc3 35. Qxc3+ Kb7 36. Qg7+ Kc6 37. Qd7+
Kc5 38. Be3+ 1-0

[Event "Ibercaja op"]
[Site "Zaragoza"]
[Date "1994.??.??"]
[Round "2"]
[White "Kharlov, Andrei"]
[Black "Sanchez Naranjo, Jose Manuel"]
[Result "1-0"]
[WhiteElo "2535"]
[BlackElo "2050"]
[PlyCount "47"]
[EventDate "1994.04.??"]
[EventType "swiss"]
[EventRounds "9"]
[EventCountry "ESP"]
[SourceTitle "TD"]
[Source "ChessBase"]
[SourceDate "1994.03.01"]
[SourceVersion "1"]
[SourceVersionDate "1994.03.01"]
[SourceQuality "1"]

1. e4 c5 2. c3 d5 3. exd5 Qxd5 4. d4 e6 5. Na3 a6 6. Nc4 Nd7 7. Nf3 b5 8. Ne3
Qc6 9. a4 Bb7 10. axb5 axb5 11. Rxa8+ Bxa8 12. dxc5 Bxc5 13. Nd4 Bxd4 14. Qxd4
Ngf6 15. Qb4 Nd5 16. Qxb5 Qxb5 17. Bxb5 Nxe3 18. Bxe3 Bxg2 19. Rg1 Be4 20. Rg4
Bf5 21. Ra4 Ke7 22. Ra7 e5 23. Bc5+ Kd8 24. Bd6 1-0

[Event "Ibercaja op"]
[Site "Zaragoza"]
[Date "1994.??.??"]
[Round "3"]
[White "Pogorelov, Ruslan"]
[Black "Kharlov, Andrei"]
[Result "1-0"]
[WhiteElo "2415"]
[BlackElo "2535"]
[PlyCount "113"]
[EventDate "1994.04.??"]
[EventType "swiss"]
[EventRounds "9"]
[EventCountry "ESP"]
[SourceTitle "TD"]
[Source "ChessBase"]
[SourceDate "1994.03.01"]
[SourceVersion "1"]
[SourceVersionDate "1994.03.01"]
[SourceQuality "1"]

1. d4 d5 2. c4 e6 3. Nc3 c6 4. e4 dxe4 5. Nxe4 Bb4+ 6. Bd2 Qxd4 7. Bxb4 Qxe4+
8. Be2 c5 9. Bxc5 Qxg2 10. Qd6 Nd7 11. O-O-O Qc6 12. Qxc6 bxc6 13. Bd6 Ne7 14.
Bd3 Bb7 15. Ne2 Ng6 16. f4 O-O-O 17. c5 Rhe8 18. Rhg1 f5 19. Nd4 Ndf8 20. Bc4
Rd7 21. Rge1 Rxd6 22. cxd6 Nxf4 23. d7+ Nxd7 24. Nxf5 Kc7 25. Nxg7 Re7 26.
Nxe6+ Nxe6 27. Rxe6 Rg7 28. Rde1 Rg4 29. R6e4 Rg2 30. R4e2 Rg5 31. Re7 Bc8 32.
Rxh7 Kb6 33. Rhe7 Nc5 34. b3 Rh5 35. R1e2 a5 36. Kb2 Rh4 37. Ka3 Bh3 38. Rf7
Nb7 39. Ref2 Nd6 40. R7f4 Rh5 41. Be2 Rg5 42. Bf1 Bxf1 43. Rxf1 Rg2 44. R1f2
Rg1 45. Kb2 Nb7 46. Rf1 Rg2+ 47. R4f2 Rg4 48. h3 Rh4 49. Rf3 Nc5 50. Rg1 Re4
51. Rg2 a4 52. Rh2 Kb5 53. h4 Re7 54. h5 Ra7 55. h6 a3+ 56. Kc2 Ne6 57. h7 1-0

[Event "Ibercaja op"]
[Site "Zaragoza"]
[Date "1994.??.??"]
[Round "8"]
[White "Kharlov, Andrei"]
[Black "Franco Ocampos, Zenon"]
[Result "1-0"]
[WhiteElo "2535"]
[BlackElo "2475"]
[PlyCount "45"]
[EventDate "1994.04.??"]
[EventType "swiss"]
[EventRounds "9"]
[EventCountry "ESP"]
[SourceTitle "TD"]
[Source "ChessBase"]
[SourceDate "1994.03.01"]
[SourceVersion "1"]
[SourceVersionDate "1994.03.01"]
[SourceQuality "1"]

1. e4 c5 2. c3 d5 3. exd5 Qxd5 4. d4 Nf6 5. Nf3 e6 6. Be2 Be7 7. O-O O-O 8. Ne5
cxd4 9. cxd4 Rd8 10. Nc3 Qa5 11. Bf3 Nbd7 12. Qe2 Nxe5 13. dxe5 Nd5 14. Nxd5
exd5 15. Rd1 d4 16. Qe4 Qb6 17. b3 a5 18. Bb2 Bc5 19. Rac1 a4 20. Qc2 Ra5 21.
b4 Bxb4 22. Qxc8 Bf8 23. Qc7 1-0

[Event "Canete"]
[Site "Canete"]
[Date "1994.??.??"]
[Round "1"]
[White "Kharlov, Andrei"]
[Black "Gallego Jimenez, Victoriano"]
[Result "1-0"]
[WhiteElo "2530"]
[BlackElo "2355"]
[PlyCount "83"]
[EventDate "1994.05.??"]
[EventType "tourn"]
[EventRounds "9"]
[EventCountry "ESP"]
[EventCategory "8"]
[SourceTitle "EXT 1997"]
[Source "ChessBase"]
[SourceDate "1996.11.15"]
[SourceVersion "1"]
[SourceVersionDate "1996.11.15"]
[SourceQuality "1"]

1. e4 c5 2. c3 Nf6 3. e5 Nd5 4. Nf3 Nc6 5. Bc4 e6 6. d4 cxd4 7. cxd4 d6 8. O-O
Be7 9. Qe2 O-O 10. Nc3 dxe5 11. dxe5 Nxc3 12. bxc3 b6 13. Qe4 Bb7 14. Bd3 g6
15. Bh6 Na5 16. Qe3 Re8 17. Bb5 Bc6 18. Bxc6 Nxc6 19. Rad1 Qc7 20. Qf4 Rad8 21.
h4 Rxd1 22. Rxd1 Rd8 23. Rxd8+ Bxd8 24. h5 Qd7 25. Bg5 Bxg5 26. Qxg5 Qe7 27.
Qf4 gxh5 28. Ng5 Kf8 29. Nxh7+ Ke8 30. Nf6+ Kd8 31. Nxh5 Qc7 32. Qd2+ Kc8 33.
f4 Nd8 34. Nf6 Nc6 35. Ne4 Kb8 36. Qd6 Qxd6 37. Nxd6 Nd8 38. Kf2 Kc7 39. Nb5+
Kb7 40. Ke3 a6 41. Nd6+ Kc6 42. g4 1-0

[Event "Canete"]
[Site "Canete"]
[Date "1994.??.??"]
[Round "2"]
[White "Kharlov, Andrei"]
[Black "Garcia Palermo, Carlos"]
[Result "0-1"]
[WhiteElo "2530"]
[BlackElo "2490"]
[PlyCount "80"]
[EventDate "1994.05.??"]
[EventType "tourn"]
[EventRounds "9"]
[EventCountry "ESP"]
[EventCategory "8"]
[SourceTitle "EXT 1997"]
[Source "ChessBase"]
[SourceDate "1996.11.15"]
[SourceVersion "1"]
[SourceVersionDate "1996.11.15"]
[SourceQuality "1"]

1. d4 Nf6 2. c4 e6 3. Nc3 Bb4 4. e3 b6 5. Nge2 c5 6. a3 Ba5 7. Bd2 O-O 8. d5
exd5 9. cxd5 d6 10. Ng3 a6 11. Be2 b5 12. O-O Nbd7 13. b4 Bb6 14. e4 cxb4 15.
axb4 Ra7 16. h3 Ne5 17. Rc1 Re8 18. Qb3 h6 19. Qb1 Nh7 20. Nd1 Qh4 21. Be3 Bxe3
22. Nxe3 g6 23. Kh2 Bxh3 24. Rh1 Bd7+ 25. Kg1 Qf4 26. Kf1 Nf6 27. Bd1 h5 28.
Ne2 Qh6 29. Rc3 Raa8 30. f3 Rec8 31. Rxc8+ Rxc8 32. Kf2 Nc4 33. Nxc4 bxc4 34.
Qa1 c3 35. Ba4 c2 36. Rc1 Bxa4 37. Qxa4 Qd2 38. Qxa6 Rc3 39. Qa1 Re3 40. Rxc2
Rxe2+ 0-1

[Event "Canete"]
[Site "Canete"]
[Date "1994.??.??"]
[Round "3"]
[White "Campora, Daniel Hugo"]
[Black "Kharlov, Andrei"]
[Result "1-0"]
[WhiteElo "2560"]
[BlackElo "2530"]
[PlyCount "105"]
[EventDate "1994.05.??"]
[EventType "tourn"]
[EventRounds "9"]
[EventCountry "ESP"]
[EventCategory "8"]
[SourceTitle "EXT 1997"]
[Source "ChessBase"]
[SourceDate "1996.11.15"]
[SourceVersion "1"]
[SourceVersionDate "1996.11.15"]
[SourceQuality "1"]

1. e4 c5 2. Nf3 Nc6 3. Bb5 d6 4. O-O Bd7 5. Re1 a6 6. Bxc6 Bxc6 7. d4 cxd4 8.
Nxd4 e5 9. Nxc6 bxc6 10. c4 Nf6 11. Qa4 Qc7 12. Nc3 Nd7 13. Be3 Be7 14. Rad1
O-O 15. Rd2 Rfd8 16. Red1 Qb7 17. b4 Nf8 18. Qa5 Ne6 19. Bb6 Rd7 20. Na4 Rb8
21. Nc5 Qxb6 22. Nxd7 Qxb4 23. Qxb4 Rxb4 24. c5 Nd4 25. f4 f6 26. cxd6 Bxd6 27.
fxe5 fxe5 28. Rc1 Rb5 29. Rf2 h5 30. h4 a5 31. Rc3 a4 32. Rg3 Be7 33. Kh2 Rb4
34. Kh3 Ne6 35. Nf6+ Bxf6 36. Rxf6 Nf4+ 37. Kh2 Rxe4 38. Rxc6 Ne2 39. Rh3 Rg4
40. Rc2 Nf4 41. Rg3 Rxh4+ 42. Kg1 Kh7 43. Rg5 Kh6 44. Rxe5 Rg4 45. Kf1 Nd3 46.
Re3 Nb4 47. Rce2 Rc4 48. Re4 Rxe4 49. Rxe4 Nxa2 50. Rc4 g5 51. Ke2 h4 52. Kd2
Kh5 53. Rxa4 1-0

[Event "Canete"]
[Site "Canete"]
[Date "1994.??.??"]
[Round "4"]
[White "Kharlov, Andrei"]
[Black "Anguix Garrido, Juan Francisco"]
[Result "1-0"]
[WhiteElo "2530"]
[BlackElo "2320"]
[PlyCount "77"]
[EventDate "1994.05.??"]
[EventType "tourn"]
[EventRounds "9"]
[EventCountry "ESP"]
[EventCategory "8"]
[SourceTitle "EXT 1997"]
[Source "ChessBase"]
[SourceDate "1996.11.15"]
[SourceVersion "1"]
[SourceVersionDate "1996.11.15"]
[SourceQuality "1"]

1. e4 e6 2. d4 d5 3. Nc3 Bb4 4. e5 c5 5. a3 Bxc3+ 6. bxc3 Qc7 7. Nf3 Ne7 8. h4
b6 9. Bb5+ Bd7 10. Bd3 Nbc6 11. O-O h6 12. Re1 O-O 13. Be3 c4 14. Bf1 f6 15.
exf6 Rxf6 16. Nh2 Nf5 17. g3 Nxe3 18. Rxe3 Raf8 19. Ng4 R6f7 20. f4 Ne7 21. Ne5
Nf5 22. Rf3 Rf6 23. Bh3 h5 24. Bxf5 Rxf5 25. Re3 Bc8 26. Nf3 g6 27. Ng5 Re8 28.
Qc1 Bd7 29. Qb2 b5 30. Rae1 Qb6 31. Qb4 a5 32. Qc5 Qxc5 33. dxc5 Rf6 34. Kf2
Re7 35. Re5 Kf8 36. Ke3 Ke8 37. Kd4 Kd8 38. c6 Bxc6 39. Rxe6 1-0

[Event "Canete"]
[Site "Canete"]
[Date "1994.??.??"]
[Round "5"]
[White "Gomez Esteban, Juan Mario"]
[Black "Kharlov, Andrei"]
[Result "0-1"]
[WhiteElo "2465"]
[BlackElo "2530"]
[PlyCount "120"]
[EventDate "1994.05.??"]
[EventType "tourn"]
[EventRounds "9"]
[EventCountry "ESP"]
[EventCategory "8"]
[SourceTitle "EXT 1997"]
[Source "ChessBase"]
[SourceDate "1996.11.15"]
[SourceVersion "1"]
[SourceVersionDate "1996.11.15"]
[SourceQuality "1"]

1. e4 c5 2. Nf3 Nc6 3. d4 cxd4 4. Nxd4 Nf6 5. Nc3 e5 6. Ndb5 d6 7. Bg5 a6 8.
Na3 Be6 9. Nc4 Rc8 10. Bxf6 Qxf6 11. Nb6 Rb8 12. Ncd5 Qd8 13. g3 Be7 14. h4 O-O
15. c3 Kh8 16. Bh3 Qe8 17. Nc7 Qd8 18. Ncd5 Qe8 19. Qf3 Bd8 20. Nc4 Bxh3 21.
Rxh3 Qe6 22. g4 b5 23. Nce3 b4 24. cxb4 Nxb4 25. Nxb4 Rxb4 26. b3 Rb8 27. Kf1
Bb6 28. Nd5 Bd4 29. Rd1 Rbc8 30. Rd2 Rc1+ 31. Kg2 Rfc8 32. h5 R1c2 33. Re2 h6
34. Rh1 a5 35. Rd1 R2c5 36. Red2 Rb8 37. Qe2 g6 38. hxg6 fxg6 39. f3 Rbc8 40.
Kg3 Kg7 41. a3 Rf8 42. b4 axb4 43. axb4 Rcc8 44. Rc2 Rxc2 45. Qxc2 h5 46. gxh5
gxh5 47. Qg2 Kh7 48. Kh2 Rg8 49. Qf1 Kh6 50. Rc1 h4 51. Rc7 Rg1 52. Qxg1 Bxg1+
53. Kxg1 Qg6+ 54. Kf2 Qg3+ 55. Ke2 Qg2+ 56. Kd3 Qxf3+ 57. Ne3 h3 58. Rc2 Kg5
59. b5 Kf4 60. Re2 h2 0-1

[Event "Canete"]
[Site "Canete"]
[Date "1994.??.??"]
[Round "6"]
[White "Kharlov, Andrei"]
[Black "Visier Segovia, Fernando"]
[Result "1-0"]
[WhiteElo "2530"]
[BlackElo "2300"]
[PlyCount "78"]
[EventDate "1994.05.??"]
[EventType "tourn"]
[EventRounds "9"]
[EventCountry "ESP"]
[EventCategory "8"]
[SourceTitle "EXT 1997"]
[Source "ChessBase"]
[SourceDate "1996.11.15"]
[SourceVersion "1"]
[SourceVersionDate "1996.11.15"]
[SourceQuality "1"]

1. e4 c5 2. c3 Nf6 3. e5 Nd5 4. Nf3 Nc6 5. Bc4 Nb6 6. Be2 d5 7. exd6 e5 8. d4
exd4 9. cxd4 cxd4 10. Nxd4 Bxd6 11. Nxc6 bxc6 12. Nc3 O-O 13. O-O Nd5 14. Nxd5
cxd5 15. Bf3 Rb8 16. Bxd5 Qc7 17. g3 Be5 18. Re1 Bb7 19. Bxb7 Rxb7 20. Qd5 Bf6
21. Bf4 Qd7 22. Qxd7 Rxd7 23. Rab1 h5 24. b3 Rc8 25. Rbc1 Rc3 26. Kg2 g6 27.
Rxc3 Bxc3 28. Rc1 Ba5 29. Be3 Bb6 30. Kf3 Kf8 31. Rc6 Bxe3 32. Kxe3 h4 33. gxh4
Kg7 34. Ra6 Kh6 35. Ra5 f5 36. Ra6 Kh5 37. b4 Kh6 38. b5 Kh5 39. a4 Re7+ 1-0

[Event "Canete"]
[Site "Canete"]
[Date "1994.??.??"]
[Round "7"]
[White "Franco Ocampos, Zenon"]
[Black "Kharlov, Andrei"]
[Result "0-1"]
[WhiteElo "2495"]
[BlackElo "2530"]
[PlyCount "80"]
[EventDate "1994.05.??"]
[EventType "tourn"]
[EventRounds "9"]
[EventCountry "ESP"]
[EventCategory "8"]
[SourceTitle "EXT 1997"]
[Source "ChessBase"]
[SourceDate "1996.11.15"]
[SourceVersion "1"]
[SourceVersionDate "1996.11.15"]
[SourceQuality "1"]

1. c4 e6 2. Nf3 d5 3. e3 Nf6 4. d4 dxc4 5. Bxc4 a6 6. O-O c5 7. Qe2 b5 8. Bd3
cxd4 9. exd4 Be7 10. Bg5 Bb7 11. Nc3 O-O 12. Rad1 Nbd7 13. Rfe1 b4 14. d5 bxc3
15. dxe6 Bxf3 16. gxf3 Qa5 17. Bxf6 Bxf6 18. exd7 cxb2 19. Qe4 g6 20. Qc6 Qc3
21. Qxc3 Bxc3 22. Re4 Rfd8 23. Bc2 Bf6 24. Kf1 Kg7 25. Rc4 Rab8 26. Rc5 Rb7 27.
Rcd5 Rc7 28. Bb1 Kf8 29. f4 Rc1 30. f5 g5 31. h3 Bc3 32. Ke2 f6 33. Rf1 Be5 34.
Rfd1 Ke7 35. Be4 Bf4 36. Bb1 h5 37. f3 a5 38. a4 Bc7 39. Kd2 Rxd7 40. Re1+ Be5
0-1

[Event "Canete"]
[Site "Canete"]
[Date "1994.??.??"]
[Round "9"]
[White "De la Riva Aguado, Oscar"]
[Black "Kharlov, Andrei"]
[Result "1-0"]
[WhiteElo "2420"]
[BlackElo "2530"]
[PlyCount "115"]
[EventDate "1994.05.??"]
[EventType "tourn"]
[EventRounds "9"]
[EventCountry "ESP"]
[EventCategory "8"]
[SourceTitle "EXT 1997"]
[Source "ChessBase"]
[SourceDate "1996.11.15"]
[SourceVersion "1"]
[SourceVersionDate "1996.11.15"]
[SourceQuality "1"]

1. e4 c5 2. Nf3 Nc6 3. Bb5 g6 4. O-O Bg7 5. c3 Nf6 6. Re1 O-O 7. h3 Qb6 8. Na3
d6 9. Bf1 e5 10. Nc4 Qc7 11. d4 b5 12. dxe5 dxe5 13. Qd6 Ne8 14. Qxc7 Nxc7 15.
Nd6 b4 16. Be3 Ne6 17. Bc4 bxc3 18. bxc3 Na5 19. Bd5 Rb8 20. Nxc8 Rfxc8 21.
Rab1 Nf4 22. Rxb8 Rxb8 23. Bxc5 Nxd5 24. exd5 Rb5 25. Bxa7 Rxd5 26. Rb1 f6 27.
Rb8+ Kf7 28. Rc8 Ke6 29. g3 Bh6 30. Kg2 Nb7 31. c4 Ra5 32. Bb6 Rxa2 33. Rc6+
Nd6 34. Bc5 Bf8 35. Bxd6 Kd7 36. Bxf8 Kxc6 37. Nh2 Rc2 38. Ng4 Rxc4 39. Nxf6 h5
40. Bh6 Kd6 41. Kf3 Ke6 42. Ne4 Kd5 43. Nd2 Rc7 44. g4 Rf7+ 45. Kg3 hxg4 46.
hxg4 Rh7 47. Be3 Rh8 48. Nf3 Ke4 49. Bg5 Ra8 50. Nh4 Ra3+ 51. Be3 Ra6 52. Nf3
Ra2 53. Ng5+ Kd3 54. Kh4 Ke2 55. Nf7 e4 56. Kg5 Ra6 57. Ne5 Ra5 58. Kf4 1-0

[Event "Leeuwarden op"]
[Site "Leeuwarden"]
[Date "1994.??.??"]
[Round "1"]
[White "Kharlov, Andrei"]
[Black "Zilberman, Yaacov"]
[Result "1-0"]
[WhiteElo "2530"]
[BlackElo "2460"]
[PlyCount "57"]
[EventDate "1994.07.??"]
[EventType "swiss"]
[EventRounds "9"]
[EventCountry "NED"]
[SourceTitle "EXT 1997"]
[Source "ChessBase"]
[SourceDate "1996.11.15"]
[SourceVersion "1"]
[SourceVersionDate "1996.11.15"]
[SourceQuality "1"]

1. e4 c5 2. c3 d5 3. exd5 Qxd5 4. d4 e6 5. Na3 Nf6 6. Nb5 Na6 7. Be3 cxd4 8.
Qxd4 Qxd4 9. Bxd4 b6 10. Be2 Bb7 11. Bf3 Bxf3 12. Nxf3 Nd7 13. O-O-O f6 14.
Rhe1 e5 15. Be3 Be7 16. Rd5 Nf8 17. Nh4 Ne6 18. Nf5 g6 19. Nxe7 Kxe7 20. f4 e4
21. Bf2 f5 22. Bh4+ Kf8 23. g3 Kg7 24. Rd7+ Kh6 25. b4 Rhc8 26. Kb2 Nac7 27.
Bg5+ Kh5 28. Rxh7+ Kg4 29. Re3 1-0

[Event "Leeuwarden op"]
[Site "Leeuwarden"]
[Date "1994.??.??"]
[Round "2"]
[White "Kroeze, Frank M"]
[Black "Kharlov, Andrei"]
[Result "1/2-1/2"]
[WhiteElo "2405"]
[BlackElo "2530"]
[PlyCount "59"]
[EventDate "1994.07.??"]
[EventType "swiss"]
[EventRounds "9"]
[EventCountry "NED"]
[SourceTitle "EXT 1997"]
[Source "ChessBase"]
[SourceDate "1996.11.15"]
[SourceVersion "1"]
[SourceVersionDate "1996.11.15"]
[SourceQuality "1"]

1. e4 c5 2. Nc3 Nc6 3. g3 g6 4. Bg2 Bg7 5. d3 e5 6. Nh3 Nge7 7. O-O O-O 8. f4
d6 9. f5 gxf5 10. exf5 Bxf5 11. Rxf5 Nxf5 12. Qh5 Ncd4 13. Be4 Qf6 14. Nd5 Qg6
15. Ne7+ Nxe7 16. Bxg6 fxg6 17. Qd1 h6 18. c3 Nf3+ 19. Kg2 Rf7 20. Be3 b6 21.
a4 Raf8 22. a5 bxa5 23. Rxa5 Nd5 24. Bf2 Ng5 25. Qb3 Nxh3 26. Kxh3 Rxf2 27.
Qxd5+ Kh7 28. Rxa7 R8f5 29. Qb7 Rh5+ 30. Kg4 1/2-1/2